000
00477nam a2200145Ia 4500
008
090122s9999 xx 000 0 und d
082
_b
8913
_a
891.4684
100
_a
ज्ञान
_b
प्रबोधिनी
245
_a
जिद्दिची लोभस रूप
600
_a
ज्ञान
630
_a
जिद्दिची लोभस रूप
700
_a
ज्ञान
730
_a
जिद्दिची लोभस रूप
942
_c
BOOK
999
_c
32990
_d
32990